Enhancing the role of volunteers in service organisations: some managerial issues (Record no. 32670)

000 -LEADER
fixed length control field 00428pab a2200157 454500
008 - FIXED-LENGTH DATA ELEMENTS--GENERAL INFORMATION
fixed length control field 180718b1995 xxu||||| |||| 00| 0 eng d
100 ## - MAIN ENTRY--PERSONAL NAME
Personal name Mahtani, Rajshree
245 ## - TITLE STATEMENT
Title Enhancing the role of volunteers in service organisations: some managerial issues
260 ## - PUBLICATION, DISTRIBUTION, ETC.
Date of publication, distribution, etc. 1995
300 ## - PHYSICAL DESCRIPTION
Extent p.103-12
362 ## - DATES OF PUBLICATION AND/OR SEQUENTIAL DESIGNATION
Dates of publication and/or sequential designation Jan
650 ## - SUBJECT ADDED ENTRY--TOPICAL TERM
Topical term or geographic name entry element Management
650 ## - SUBJECT ADDED ENTRY--TOPICAL TERM
Topical term or geographic name entry element Social work
773 ## - HOST ITEM ENTRY
Main entry heading Indian Journal of Social Work
909 ## -
-- 32670
Holdings
Withdrawn status Lost status Damaged status Not for loan Permanent Location Current Location Date acquired Serial Enumeration / chronology Barcode Date last seen Price effective from Koha item type
        Indian Institute of Public Administration Indian Institute of Public Administration 2018-07-19 Volume no: 56, Issue no: 1 AR32869 2018-07-19 2018-07-19 Articles

Powered by Koha